Southville International School and Colleges
Your cart is empty.
  • Cart
  • Lists
    Public lists Eva Luna New books Lux_list list_1
    Your lists Log in to create your own lists
  • Log in to your account
  • Your cookies
  • Search history
Southville International School and Colleges
  • Advanced search
  • Recent comments
  • Most popular
  • Libraries

Log in to your account

Log in with GOOGLE


If you do not have an external account, but do have a local account, you can still log in:

  1. Home
  2. MARC view: The New English-Filipino dictionary :
Normal view MARC view ISBD view

The New English-Filipino dictionary : (Record no. 2085)

[ view plain ]
MARC details
000 -LEADER
fixed length control field 00527nam a22002057a 4500
003 - CONTROL NUMBER IDENTIFIER
control field OSt
005 - DATE AND TIME OF LATEST TRANSACTION
control field 20140310181723.0
008 - FIXED-LENGTH DATA ELEMENTS--GENERAL INFORMATION
fixed length control field 130307t xxu||||| |||| 00| 0 eng d
020 ## - INTERNATIONAL STANDARD BOOK NUMBER
International Standard Book Number 9719270810
050 ## - LIBRARY OF CONGRESS CALL NUMBER
Classification number PL 6057
Item number .N532 2004
082 ## - DEWEY DECIMAL CLASSIFICATION NUMBER
Classification number IB 499.21103
Item number N44 2004
245 ## - TITLE STATEMENT
Title The New English-Filipino dictionary :
Statement of responsibility, etc Che New.
250 ## - EDITION STATEMENT
Edition statement millennium ed.
260 ## - PUBLICATION, DISTRIBUTION, ETC. (IMPRINT)
Place of publication, distribution, etc Manila
Name of publisher, distributor, etc Mecs Publishing House
Date of publication, distribution, etc 2004
300 ## - PHYSICAL DESCRIPTION
Extent v.
Dimensions 28 cm.
521 ## - TARGET AUDIENCE NOTE
Target audience note
541 ## - IMMEDIATE SOURCE OF ACQUISITION NOTE
-- 1
562 ## - COPY AND VERSION IDENTIFICATION NOTE
Number of copies 1
942 ## - ADDED ENTRY ELEMENTS (KOHA)
Source of classification or shelving scheme Library of Congress Classification
Koha item type
Call number prefix
Holdings
Withdrawn status Lost status Source of classification or shelving scheme Damaged status Home library Current library Shelving location Date acquired Total Checkouts Full call number Barcode Date last seen Date checked out Copy number Price effective from Koha item type
    Library of Congress Classification   Luxembourg Library Luxembourg Library International Baccalaureate Section 03/07/2013 1 PL 6057 .N532 2004 13673 07/18/2016 07/16/2016 1 03/07/2013 Books

The New English-Filipino dictionary :

APA

(2004). The New English-Filipino dictionary. Manila: Mecs Publishing House.

Chicago

2004. The New English-Filipino dictionary. Manila: Mecs Publishing House.

Harvard

(2004). The New English-Filipino dictionary. Manila: Mecs Publishing House.

MLA

The New English-Filipino dictionary. Manila: Mecs Publishing House. 2004.

  • Place hold
  • Print
  • Cite
  • Add to your cart (remove)
  • Save record
    BIBTEX Dublin Core MARCXML MARC (non-Unicode/MARC-8) MARC (Unicode/UTF-8) MARC (Unicode/UTF-8, Standard) MODS (XML) RIS
  • More searches
    Search for this title in:
    Other Libraries (WorldCat) Other Databases (Google Scholar) Online Stores (Bookfinder.com) Open Library (openlibrary.org)

Exporting to Dublin Core...

SOUTHVILLE LIBRARY

Southville International School and Colleges Library

1281 Tropical Ave. Cor. Luxembourg St., BF Homes International, Las Pinas City

Tel. No. 8256374 / 252358 Loc. 117/146

Powered by Koha